[Event "Swiss Queens Wed #4"]
[Site "FIDE Online Arena INT"]
[Date "2024.02.21"]
[Round "4"]
[White "Wagner, Dinara"]
[Black "Travkina, Anastasia"]
[Result "1/2-1/2"]
[WhiteElo "2457"]
[BlackElo "2202"]
[PlyCount "95"]
[EventDate "2024.02.21"]
[EventType "swiss (blitz)"]
[EventRounds "11"]
[EventCountry "NET"]
[SourceTitle "CB09_2024"]
[SourceDate "2024.02.28"]
[SourceVersion "1"]
[SourceVersionDate "2024.02.28"]
[SourceQuality "1"]

1. d4 Nf6 2. Nf3 c5 3. d5 b5 4. a4 b4 5. c4 g6 6. b3 d6 7. Bb2 Bg7 8. g3 0-0 9. Bg2 Bb7 10. 0-0 e6 11. dxe6 fxe6 12. Nbd2 Nc6 13. Re1 Na5 14. Qc2 Rc8 15. Rad1 Qe7 16. e3 d5 17. Ne5 Nd7 18. Nxd7 Qxd7 19. cxd5 exd5 20. Nc4 Nxc4 21. bxc4 d4 22. exd4 Bxg2 23. Kxg2 cxd4 24. Kg1 Rf3 25. Qe4 Rcf8 26. Bxd4 Bxd4 27. Rxd4 Qf7 28. Qd5 Rxf2 29. Qxf7+ R8xf7 30. c5 Rc2 31. Rxb4 Rxc5 32. Rb2 Ra5 33. Rb4 Rc7 34. Re2 Kg7 35. Kg2 Rac5 36. Reb2 Kf6 37. h4 h5 38. Rf4+ Kg7 39. Rbf2 Rc2 40. Rxc2 Rxc2+ 41. Kh3 Ra2 42. Rb4 a5 43. Rc4 Kf6 44. Rd4 Kf7 45. Rf4+ Kg7 46. Rc4 Kf6 47. Rc6+ Kg7 48. Rc4 1/2-1/2

[Event "Swiss Queens Wed #2"]
[Site "FIDE Online Arena INT"]
[Date "2024.02.07"]
[Round "4"]
[White "Maltsevskaya, Aleksandra"]
[Black "Wagner, Dinara"]
[Result "0-1"]
[WhiteElo "2374"]
[BlackElo "2457"]
[PlyCount "78"]
[EventDate "2024.02.07"]
[EventType "swiss (blitz)"]
[EventRounds "11"]
[EventCountry "NET"]
[SourceTitle "CB07_2024"]
[SourceDate "2024.02.14"]
[SourceVersion "1"]
[SourceVersionDate "2024.02.14"]
[SourceQuality "1"]

1. e4 c5 2. Nf3 d6 3. d4 cxd4 4. Nxd4 Nf6 5. Nc3 a6 6. g3 e5 7. Nb3 Be7 8. Bg2 b5 9. 0-0 Nbd7 10. a4 b4 11. Nd5 Nxd5 12. exd5 a5 13. Bd2 0-0 14. c3 bxc3 15. Bxc3 Qb6 16. Re1 f5 17. Nd2 Ba6 18. Rb1 Nc5 19. Bf1 Nd3 20. Bxd3 Bxd3 21. Rc1 f4 22. Nf3 Bg6 23. g4 h5 24. h3 hxg4 25. hxg4 e4 26. Nd4 f3 27. Ne6 Qb7 28. Bxg7 Rf7 29. Qd4 Qb4 30. Qxb4 axb4 31. b3 Rxg7 32. Nxg7 Kxg7 33. Rc4 Bf6 34. Rc7+ Kh6 35. Rc6 Be5 36. Rc4 Kg5 37. Rexe4 Bxe4 38. Rxe4 Rc8 39. Re1 Rc3 0-1

[Event "Swiss Queens Wed #2"]
[Site "FIDE Online Arena INT"]
[Date "2024.02.07"]
[Round "1"]
[White "Ovezdurdiyeva, Jemal"]
[Black "Wagner, Dinara"]
[Result "0-1"]
[WhiteElo "2057"]
[BlackElo "2457"]
[PlyCount "106"]
[EventDate "2024.02.07"]
[EventType "swiss (blitz)"]
[EventRounds "11"]
[EventCountry "NET"]
[SourceTitle "CB07_2024"]
[SourceDate "2024.02.14"]
[SourceVersion "1"]
[SourceVersionDate "2024.02.14"]
[SourceQuality "1"]

1. e4 c5 2. Nf3 d6 3. c3 Nf6 4. Bd3 g6 5. 0-0 Bg7 6. h3 Nc6 7. Bc2 e5 8. d4 cxd4 9. cxd4 exd4 10. Nxd4 0-0 11. Nc3 Re8 12. Ndb5 Bf8 13. Bf4 Ne5 14. Rc1 a6 15. Nd4 Bg7 16. Nf3 Bd7 17. Bb3 Bc6 18. Re1 h6 19. Nd4 Kh7 20. Nxc6 bxc6 21. Bxe5 Rxe5 22. Bxf7 Qe7 23. Bb3 Rf8 24. Qd3 Nh5 25. Re3 Nf4 26. Qxa6 Rg5 27. Rg3 Rxg3 28. fxg3 Nh5 29. Qd3 Qe5 30. Ne2 Qg5 31. Rf1 Re8 32. Bc2 Re7 33. Qxd6 Qe3+ 34. Rf2 Bf6 35. Qd3 Qxd3 36. Bxd3 Bxb2 37. Nf4 Bd4 38. Nxh5 gxh5 39. Kf1 Bxf2 40. Kxf2 Ra7 41. Bc4 Kg7 42. Ke3 Kf6 43. Kd4 Ra4 44. e5+ Ke7 45. Kc5 Ra5+ 46. Kxc6 Rxe5 47. a4 Rg5 48. a5 Rxg3 49. Bd5 Ra3 50. Kb6 Kd6 51. Bf3 Rb3+ 52. Ka7 Kc7 53. Bxh5 Rb5 0-1

[Event "Swiss Queens Wed #2"]
[Site "FIDE Online Arena INT"]
[Date "2024.02.07"]
[Round "10"]
[White "Shuvalova, Polina"]
[Black "Wagner, Dinara"]
[Result "1-0"]
[WhiteElo "2455"]
[BlackElo "2457"]
[PlyCount "81"]
[EventDate "2024.02.07"]
[EventType "swiss (blitz)"]
[EventRounds "11"]
[EventCountry "NET"]
[SourceTitle "CB07_2024"]
[SourceDate "2024.02.14"]
[SourceVersion "1"]
[SourceVersionDate "2024.02.14"]
[SourceQuality "1"]

1. e4 c5 2. Nf3 d6 3. Bb5+ Bd7 4. Bxd7+ Qxd7 5. 0-0 Nc6 6. c3 d5 7. e5 d4 8. d3 e6 9. c4 Nge7 10. Bf4 Ng6 11. Bg3 Be7 12. Nbd2 h5 13. h4 f5 14. exf6 gxf6 15. Ne4 f5 16. Neg5 f4 17. Bh2 Nxh4 18. Nxh4 Bxg5 19. Ng6 Rh6 20. Nxf4 Qf7 21. Nh3 Be7 22. a3 0-0-0 23. b4 Rg8 24. b5 Nb8 25. Kh1 h4 26. Qe2 Qg7 27. Rg1 Nd7 28. a4 Qg4 29. f3 Qf5 30. a5 Rhg6 31. a6 b6 32. Rae1 Bd8 33. Nf4 Rh6 34. Qe4 Qxe4 35. Rxe4 Nf8 36. Rge1 Bc7 37. Nxe6 Bxh2 38. Nxf8 Bg3 39. Re8+ Kc7 40. R1e7+ Kd6 41. Rd7# 1-0

[Event "Swiss Queens Wed #1"]
[Site "FIDE Online Arena INT"]
[Date "2024.01.31"]
[Round "4"]
[White "Kubicka, Anna"]
[Black "Wagner, Dinara"]
[Result "1/2-1/2"]
[WhiteElo "2278"]
[BlackElo "2459"]
[PlyCount "119"]
[EventDate "2024.01.31"]
[EventType "swiss (blitz)"]
[EventRounds "11"]
[EventCountry "NET"]
[SourceTitle "CB06_2024"]
[SourceDate "2024.02.07"]
[SourceVersion "1"]
[SourceVersionDate "2024.02.07"]
[SourceQuality "1"]

1. e4 c5 2. Ne2 d6 3. g3 g6 4. Bg2 Bg7 5. c3 e5 6. d4 cxd4 7. cxd4 exd4 8. Nxd4 Nc6 9. Nxc6 bxc6 10. 0-0 Ne7 11. Nc3 Be6 12. Bf4 d5 13. exd5 cxd5 14. Qa4+ Bd7 15. Qa3 Be6 16. Rad1 0-0 17. Bd6 Re8 18. Bxe7 Qxe7 19. Qxe7 Rxe7 20. Nxd5 Bxd5 21. Bxd5 Rb8 22. b3 Re2 23. a4 Kf8 24. Bc4 Re7 25. Rfe1 Rxe1+ 26. Rxe1 a5 27. Rd1 Rb7 28. Rd5 Bc3 29. Kg2 Bb4 30. f4 Re7 31. Kf3 h5 32. h3 Kg7 33. g4 hxg4+ 34. hxg4 Rc7 35. f5 Re7 36. Rb5 gxf5 37. Rxf5 Rc7 38. Ke4 Re7+ 39. Kd5 Kg6 40. Bd3 Kg7 41. Rf4 Rd7+ 42. Kc4 Rc7+ 43. Kd4 Rd7+ 44. Ke4 Re7+ 45. Kf3 Bd2 46. Re4 Rd7 47. Bc4 Bb4 48. Re5 Re7 49. Rxe7 Bxe7 50. Ke4 Bb4 51. Kd5 f6 52. Ke6 Kg6 53. Bd3+ Kg5 54. Bf5 Bc3 55. Kd5 Bb4 56. Kc4 Bd2 57. Kb5 Bb4 58. Kc4 Kf4 59. Kb5 Kg5 60. Kc4 1/2-1/2

[Event "EU-ch Rapid (Women)"]
[Site "Monaco"]
[Date "2024.01.14"]
[Round "11"]
[White "Kulon, Klaudia"]
[Black "Wagner, Dinara"]
[Result "1-0"]
[WhiteElo "2323"]
[BlackElo "2459"]
[PlyCount "111"]
[EventDate "2024.01.13"]
[EventType "swiss (rapid)"]
[EventRounds "11"]
[EventCountry "MNC"]
[SourceTitle "CB03_2024"]
[SourceDate "2024.01.17"]
[SourceVersion "1"]
[SourceVersionDate "2024.01.17"]
[SourceQuality "1"]

1. c4 Nf6 2. g3 e6 3. Bg2 d5 4. Nf3 dxc4 5. 0-0 a6 6. a4 Nc6 7. Na3 Na5 8. Qc2 Nb3 9. Rb1 Nxc1 10. Rfxc1 Be7 11. Nxc4 0-0 12. d4 Nd5 13. Nce5 c6 14. Nd3 a5 15. e4 Nb4 16. Nxb4 Bxb4 17. Rd1 Qe7 18. h4 h6 19. Rbc1 Rd8 20. Ne5 Bd7 21. Qe2 Be8 22. b3 c5 23. dxc5 Bxc5 24. Nc4 Rxd1+ 25. Rxd1 e5 26. Ne3 Bc6 27. Nf5 Qf6 28. Qc2 b6 29. Bf1 Kh7 30. Re1 Rd8 31. Bc4 Rd7 32. Ne3 Qg6 33. Nf1 Rd4 34. Bd3 Rd6 35. Kg2 Rf6 36. f3 Rf4 37. h5 Qg5 38. Qc1 Bd7 39. Nh2 Bd4 40. Bc4 Bc5 41. Rd1 Bc6 42. Re1 Bd7 43. Rd1 Bc8 44. Qd2 Bd4 45. Qc1 Bb7 46. Rxd4 Bc8 47. Rd1 Bb7 48. Bd5 Ba6 49. Ng4 Rxg4 50. fxg4 Qxg4 51. Rf1 Qxh5 52. Rf2 Qg4 53. Qh1 Bd3 54. Qh4 Qd1 55. Qe7 Qg4 56. Qxe5 1-0

[Event "EU-ch Rapid (Women)"]
[Site "Monaco"]
[Date "2024.01.13"]
[Round "2"]
[White "Wagner, Dinara"]
[Black "Pavlidou, Ekaterini"]
[Result "1-0"]
[WhiteElo "2459"]
[BlackElo "2206"]
[PlyCount "67"]
[EventDate "2024.01.13"]
[EventType "swiss (rapid)"]
[EventRounds "11"]
[EventCountry "MNC"]
[SourceTitle "CB03_2024"]
[SourceDate "2024.01.17"]
[SourceVersion "1"]
[SourceVersionDate "2024.01.17"]
[SourceQuality "1"]

1. d4 Nf6 2. c4 e6 3. Nf3 b6 4. a3 Bb7 5. Nc3 d5 6. Bf4 Bd6 7. Bxd6 cxd6 8. cxd5 exd5 9. e3 0-0 10. Be2 Ba6 11. Bxa6 Nxa6 12. Qb3 Nc7 13. 0-0 Qd7 14. Rfc1 Rfc8 15. Rc2 Rab8 16. Rac1 h6 17. h3 g5 18. Ne1 a6 19. Nd3 Kg7 20. Ne2 Na8 21. Nb4 Rxc2 22. Qxc2 a5 23. Na2 b5 24. Ng3 b4 25. axb4 axb4 26. b3 Ng8 27. Nf5+ Kf6 28. g4 h5 29. Qc6 Qd8 30. Nxd6 Rb6 31. Nb7+ Rxc6 32. Rxc6+ Ke7 33. Nxd8 Kxd8 34. gxh5 1-0

[Event "Wch Blitz (Women)"]
[Site "Samarkand"]
[Date "2023.12.30"]
[Round "12"]
[White "Wagner, Dinara"]
[Black "Shuvalova, Polina"]
[Result "1-0"]
[WhiteElo "2452"]
[BlackElo "2475"]
[PlyCount "99"]
[EventDate "2023.12.29"]
[EventType "swiss (blitz)"]
[EventRounds "17"]
[EventCountry "UZB"]
[SourceTitle "CB01_2024"]
[SourceDate "2024.01.03"]
[SourceVersion "1"]
[SourceVersionDate "2024.01.03"]
[SourceQuality "1"]

1. d4 Nf6 2. c4 e6 3. Nf3 d5 4. g3 Be7 5. Bg2 0-0 6. Qc2 c6 7. 0-0 b6 8. Rd1 Bb7 9. b3 Nbd7 10. Nc3 Ba6 11. Bf4 Rc8 12. e4 dxc4 13. Nd2 b5 14. bxc4 bxc4 15. Qa4 Bb5 16. Qc2 h6 17. Rab1 g5 18. Be3 Ng4 19. e5 Nb6 20. Re1 Ba6 21. Nce4 Kg7 22. Nc5 Nxe3 23. fxe3 Bb5 24. a4 Bxc5 25. axb5 Bxd4 26. exd4 Qxd4+ 27. Kh1 cxb5 28. Rxb5 Rfd8 29. Ne4 Nd5 30. Nd6 Rc7 31. Rbb1 c3 32. Rbd1 Qg4 33. Rc1 a5 34. Qf2 Qb4 35. Bxd5 exd5 36. Qf6+ Kh7 37. Nf5 Qf8 38. Rf1 Re8 39. Nd6 Ree7 40. Qf5+ Kg7 41. Qf6+ Kh7 42. e6 d4 43. Nxf7 Qa8+ 44. Kg1 Qf8 45. Qf5+ Kg7 46. Qe5+ Kh7 47. Rf6 Qg7 48. Qf5+ Kg8 49. Nxh6+ Kh8 50. Rf8+ 1-0

[Event "Wch Rapid (Women)"]
[Site "Samarkand"]
[Date "2023.12.27"]
[Round "6"]
[White "Nurmanova, Alua"]
[Black "Wagner, Dinara"]
[Result "0-1"]
[WhiteElo "2326"]
[BlackElo "2452"]
[PlyCount "112"]
[EventDate "2023.12.26"]
[EventType "swiss (rapid)"]
[EventRounds "11"]
[EventCountry "UZB"]
[SourceTitle "CB01_2024"]
[SourceDate "2024.01.03"]
[SourceVersion "1"]
[SourceVersionDate "2024.01.03"]
[SourceQuality "1"]

1. e4 c5 2. Nf3 d6 3. d4 cxd4 4. Nxd4 Nf6 5. Nc3 a6 6. h3 e6 7. g4 h6 8. Bg2 g5 9. b3 Nbd7 10. Bb2 Ne5 11. Qd2 Be7 12. 0-0-0 b5 13. Nce2 Bb7 14. Qe3 Qc7 15. f4 gxf4 16. Nxf4 Nfd7 17. Kb1 Qb6 18. Qe2 0-0-0 19. Rhf1 Kb8 20. Nf3 Rhf8 21. Nd3 Qc7 22. Qe3 Rc8 23. Rf2 Nxf3 24. Bxf3 Bg5 25. Qe2 Ne5 26. Bg2 Ka8 27. Bd4 Nc6 28. Bg7 Rg8 29. Bb2 Rgf8 30. e5 d5 31. Rdf1 Qe7 32. Bh1 Rc7 33. Nf4 Rfc8 34. Nd3 Nd8 35. Qd1 b4 36. Bd4 Rc6 37. Nb2 Qc7 38. Rh2 Bh4 39. Bf3 a5 40. Rg1 Ba6 41. Qd2 Bg5 42. Qd1 Bf4 43. Rhg2 Bxe5 44. Bxe5 Qxe5 45. Re1 Qc7 46. Qd2 Nb7 47. Rc1 Nd6 48. Qxh6 Nb5 49. Bd1 Nc3+ 50. Ka1 a4 51. bxa4 Bc4 52. Qe3 Bxa2 53. h4 Bc4 54. h5 Ra6 55. h6 Qc6 56. h7 Rxa4+ 0-1

[Event "Wch Rapid (Women)"]
[Site "Samarkand"]
[Date "2023.12.27"]
[Round "7"]
[White "Wagner, Dinara"]
[Black "Kamalidenova, Meruert"]
[Result "1-0"]
[WhiteElo "2452"]
[BlackElo "2383"]
[PlyCount "112"]
[EventDate "2023.12.26"]
[EventType "swiss (rapid)"]
[EventRounds "11"]
[EventCountry "UZB"]
[SourceTitle "CB01_2024"]
[SourceDate "2024.01.03"]
[SourceVersion "1"]
[SourceVersionDate "2024.01.03"]
[SourceQuality "1"]

1. d4 Nf6 2. c4 g6 3. Nc3 Bg7 4. e4 d6 5. Nf3 0-0 6. Be2 e5 7. Be3 h6 8. d5 a5 9. Nd2 Na6 10. 0-0 Nh7 11. Kh1 b6 12. a3 f5 13. exf5 Bxf5 14. Nde4 Nf6 15. Ng3 Qe7 16. Nxf5 gxf5 17. f4 e4 18. g4 fxg4 19. Bxg4 Nxg4 20. Qxg4 Nc5 21. f5 Kh8 22. Qh5 Rae8 23. Rae1 Qf7 24. Qh3 Nd3 25. Re2 Qd7 26. Bxh6 Bxh6 27. Qxh6+ Qh7 28. Qxh7+ Kxh7 29. Nxe4 Re5 30. Ng5+ Kh6 31. Rxe5 dxe5 32. Ne6 Rf7 33. Rf3 Nf4 34. Nxf4 exf4 35. Rxf4 Kg5 36. Rf3 Kf6 37. a4 Rg7 38. h3 Rg8 39. Kh2 Rg7 40. b3 Rg5 41. h4 Rg4 42. Kh3 Rg1 43. h5 Rh1+ 44. Kg4 Rg1+ 45. Rg3 Rh1 46. Rh3 Rg1+ 47. Kf4 Rf1+ 48. Ke4 Re1+ 49. Kd3 Kxf5 50. h6 Re8 51. h7 Rh8 52. Kd4 Kf6 53. Rh2 Kf5 54. d6 Ke6 55. dxc7 Kd7 56. Ke5 Kxc7 1-0

[Event "Wch Rapid (Women)"]
[Site "Samarkand"]
[Date "2023.12.26"]
[Round "4"]
[White "Balabayeva, Kseniya"]
[Black "Wagner, Dinara"]
[Result "1-0"]
[WhiteElo "2244"]
[BlackElo "2452"]
[PlyCount "97"]
[EventDate "2023.12.26"]
[EventType "swiss (rapid)"]
[EventRounds "11"]
[EventCountry "UZB"]
[SourceTitle "CB01_2024"]
[SourceDate "2024.01.03"]
[SourceVersion "1"]
[SourceVersionDate "2024.01.03"]
[SourceQuality "1"]

1. d4 Nf6 2. Bf4 d5 3. Nf3 e6 4. e3 Bd6 5. Ne5 0-0 6. Nd2 c5 7. c3 b6 8. Bd3 Bb7 9. Qf3 Nc6 10. g4 Qc7 11. g5 Nd7 12. Qh5 f5 13. gxf6 Nxf6 14. Qh3 Rae8 15. Ndf3 Ne4 16. Nxc6 Bxf4 17. exf4 Bxc6 18. Bxe4 dxe4 19. Ng5 g6 20. Rg1 Bd5 21. dxc5 bxc5 22. 0-0-0 Qxf4+ 23. Rd2 Re7 24. Rg4 Qf5 25. Qg3 Bxa2 26. Nxe4 a5 27. b4 Bd5 28. Nd6 Qf6 29. bxc5 Ra8 30. h4 Kh8 31. Rg5 a4 32. Qe5 Qxe5 33. Rxe5 a3 34. c4 a2 35. Rxa2 Rxa2 36. cxd5 Kg7 37. Ne4 Ra4 38. d6 Rb7 39. Rxe6 Rc4+ 40. Kd2 h6 41. Kd3 Rbb4 42. Ke3 Rb3+ 43. Kf4 g5+ 44. hxg5 hxg5+ 45. Kxg5 Rbb4 46. d7 Rb8 47. Re8 Rcb4 48. Rxb8 Rxb8 49. c6 1-0

[Event "German Masters (Women)"]
[Site "Rosenheim"]
[Date "2023.12.16"]
[Round "6"]
[White "Wagner, Dinara"]
[Black "Heinemann, Josefine"]
[Result "1/2-1/2"]
[WhiteElo "2452"]
[BlackElo "2360"]
[PlyCount "48"]
[EventDate "2023.12.11"]
[EventType "tourn"]
[EventRounds "9"]
[EventCountry "GER"]
[EventCategory "2"]
[SourceTitle "CB51_2023"]
[SourceDate "2023.12.20"]
[SourceVersion "1"]
[SourceVersionDate "2023.12.20"]
[SourceQuality "1"]

1. d4 Nf6 2. c4 e6 3. Bf4 d5 4. cxd5 Nxd5 5. Bg3 c5 6. e4 Nf6 7. Nd2 cxd4 8. e5 Nfd7 9. Ngf3 Nc6 10. Bc4 Be7 11. h4 h6 12. a3 a5 13. Ne4 a4 14. 0-0 0-0 15. Re1 Ra5 16. Ned2 Nc5 17. b4 axb3 18. Nxb3 Nxb3 19. Qxb3 Rc5 20. Qd3 h5 21. Rac1 Ra5 22. Ra1 Rc5 23. Rac1 Ra5 24. Ra1 Rc5 1/2-1/2

[Event "EU-chT (Women) 24th"]
[Site "Budva"]
[Date "2023.11.18"]
[Round "7.2"]
[White "Kiolbasa, Oliwia"]
[Black "Wagner, Dinara"]
[Result "1/2-1/2"]
[WhiteElo "2371"]
[BlackElo "2467"]
[PlyCount "75"]
[EventDate "2023.11.11"]
[EventType "team-swiss"]
[EventRounds "9"]
[EventCountry "MNE"]
[SourceTitle "CB47_2023"]
[SourceDate "2023.11.22"]
[SourceVersion "1"]
[SourceVersionDate "2023.11.22"]
[SourceQuality "1"]
[WhiteTeam "Poland (W)"]
[BlackTeam "Germany (W)"]
[WhiteTeamCountry "POL"]
[BlackTeamCountry "GER"]

1. e4 c5 2. Nf3 d6 3. Bb5+ Bd7 4. Bxd7+ Qxd7 5. c4 Nf6 6. Nc3 Nc6 7. d4 Qg4 8. 0-0 Nxd4 9. Nxd4 Qxd1 10. Rxd1 cxd4 11. Rxd4 Rc8 12. b3 g6 13. Bb2 Bg7 14. Rd2 0-0 15. Re1 Nd7 16. Nd5 Rfe8 17. Bxg7 Kxg7 18. f4 a6 19. Kf2 b5 20. cxb5 axb5 21. g4 Nf6 22. Nxf6 Kxf6 23. e5+ dxe5 24. Rxe5 b4 25. Re4 Rb8 26. Rdd4 Ra8 27. Re2 Reb8 28. Kf3 Ra7 29. Rc2 Rba8 30. Rxb4 Rxa2 31. Rb6+ Kg7 32. Rxa2 Rxa2 33. h4 Rh2 34. Kg3 Rb2 35. h5 gxh5 36. gxh5 e6 37. Rb7 Kf6 38. b4 1/2-1/2